MARC

LEADER 00000nam0a2200000 4500
001 331041
005 20231102004322.0
035 |a (RuTPU)RU\TPU\book\356829 
035 |a RU\TPU\book\356826 
090 |a 331041 
100 |a 20170413d1978 k y0rusy50 ca 
101 0 |a rus 
102 |a RU 
105 |a a z 001zy 
200 1 |a Нефтепромысловое хозяйство месторождений Татарии  |f Татарский государственный научно-исследовательский и проектный институт нефтяной промышленности (ТатНИПИнефть) ; под ред. Ф. М. Хаммадеева 
210 |a Бугульма  |c ТатНИПИнефть  |d 1978 
215 |a 221 с.  |c ил. 
225 1 |a Труды [Татарского государственного научно-исследовательского и проектного института (татНИПИнефть)]  |v Вып. 39 
320 |a Библиография в конце статей 
606 1 |a Нефтепромысловое дело  |2 stltpush  |3 (RuTPU)RU\TPU\subj\45819  |9 65010 
610 1 |a нефтедобыча 
610 1 |a бурение 
610 1 |a нефтяные скважины 
610 1 |a капитальный ремонт 
610 1 |a нефтепромысловое оборудование 
610 1 |a защита от коррозии 
610 1 |a экономика 
610 1 |a добыча 
610 1 |a нефть 
610 1 |a газ 
610 1 |a вода 
610 1 |a сбор 
610 1 |a транспорт 
610 1 |a подготовка 
675 |a 622.276.002  |v 4 
702 1 |a Хаммадеев  |b Ф. М.  |4 340 
712 0 2 |a Татарский государственный научно-исследовательский и проектный институт нефтяной промышленности (ТатНИПИнефть)  |2 stltpush  |3 (RuTPU)RU\TPU\col\13469 
801 1 |a RU  |b 63413507  |c 20090425  |g PSBO 
801 2 |a RU  |b 63413507  |c 20170421  |g PSBO 
942 |c BK